| Поле | Инд. | ПП | Название | Значение |
|---|---|---|---|---|
| Тип записи | a | |||
| Библиографический уровень | m | |||
| 001 | Контрольный номер | RU/IS/BASE/220616943 | ||
| 005 | Дата корректировки | 20220801134552.4 | ||
| 040 | b | Код языка каталог. | rus | |
| 041 | a | Код языка текста | rus | |
| 080 | a | Индекс УДК | 004.312 | |
| 084 | a | Индекс другой классификации/Индекс ББК | 32.973.26-04 | |
| 090 | a | Полочн. индекс | 681.3 | |
| c | Каталожный индекс | 621.325.6 | ||
| x | Авторский знак | А86 | ||
| 097 | b | Оператор | 11 | |
| 100 | a | Автор | Артюхов В. Л. | |
| 245 | a | Заглавие | Настраиваемые модули для управляющих логических устройств | |
| 260 | a | Место издания | Л. | |
| b | Издательство | Энергоиздат | ||
| c | Дата издания | 1981 | ||
| 300 | a | Объем | 165 с. | |
| b | Иллюстрации/ тип воспроизводства | ил. | ||
| 510 | a | Примечание о ссылках | Книги и методические пособия | |
| 650 | a | Основная рубрика | 50.09 Элементы, узлы и устройства автоматики и вычислительной техники | |
| x | Основная подрубрика | 50.09.29 Дискретные и логические элементы | ||
| x | Основная подрубрика | 50.09.31 Арифметические и логические устройства | ||
| 653 | a | Ключевые слова | логические устройства; вычислительная техника | |
| 700 | a | Другие авторы | Копейкин Г. А. | |
| 700 | a | Другие авторы | Шалыто А. А. | |
| 901 | t | Тип документа | m |